Prudential Assurance Co Ltd v Salisburys Handbags Ltd (Record no. 36004)

MARC details
000 -LEADER
fixed length control field 01558cab a2200217 4500
001 - CONTROL NUMBER
control field ABS46613
008 - FIXED-LENGTH DATA ELEMENTS--GENERAL INFORMATION
fixed length control field 090401t1992 xxu||||| |||| 00| 0 eng d
035 ## - SYSTEM CONTROL NUMBER
System control number (Sirsi) u58871
041 ## - LANGUAGE CODE
Language code of text/sound track or separate title eng
245 ## - TITLE STATEMENT
Title Prudential Assurance Co Ltd v Salisburys Handbags Ltd
260 ## - PUBLICATION, DISTRIBUTION, ETC.
Date of publication, distribution, etc. 1992
350 ## - PRICE (NR) (BK AM CF MU VM SE) [OBSOLETE]
Price 0
490 ## - SERIES STATEMENT
Series statement Estates Gazette
Volume/sequential designation (1992) 23 EG 117-120(3)
520 ## - SUMMARY, ETC.
Summary, etc. ChD 25 March 1992. P is the person entitled by assignment to the reversion expectant on determination of an underlease granted in June 1971. S is the lessee under the underlease granted for 97 years. The dispute is as to the true construction and effect of provisions for rent review. The lease allowed for 7-yearly rent reviews and for the new rent to be the fair rack rental market value. Problems arose at the second rent review in September 1989. Dispute arose as to the hypotheses to be made. D contends that the term of the hypothetical lease is the unexpired portion of the term on the basis of a lease with no provisions for rent review. S however contends that the term of the lease is seven years and that it must be assumed that any letting for a longer period is on terms which provide for rent reviews at a period of seven years or at some similar period. It was held that in the absense of agreement, the term must be determined by the arbitrator and, in so far as it falls within a r
650 ## - SUBJECT ADDED ENTRY--TOPICAL TERM
Topical term or geographic name entry element HYPOTHETICAL LEASES
650 ## - SUBJECT ADDED ENTRY--TOPICAL TERM
Topical term or geographic name entry element RENT REVIEWS
650 ## - SUBJECT ADDED ENTRY--TOPICAL TERM
Topical term or geographic name entry element SEVEN YEARLY
690 ## - LOCAL SUBJECT ADDED ENTRY--TOPICAL TERM (OCLC, RLIN)
Topical term or geographic name as entry element LANDLORD AND TENANT-CASE LAW-RENT REVIEWS
942 ## - ADDED ENTRY ELEMENTS (KOHA)
Suppress in OPAC 0
948 ## - LOCAL PROCESSING INFORMATION (OCLC); SERIES PART DESIGNATOR (RLIN)
c (OCLC) 04/03/1997
Holdings
Withdrawn status Lost status Source of classification or shelving scheme Damaged status Not for loan Home library Current library Shelving location Date acquired Total Checkouts Full call number Barcode Date last seen Copy number Price effective from Koha item type
    Dewey Decimal Classification     London London Journal article 14/09/1999   ABS46613 58871-1001 06/08/2019 1 06/08/2019 Law report